000 00485nam a2200157Ia 4500
008 100122s9999 xx 000 0 und d
082 _b59178
_a823
100 _aमंत्री रमेश
245 _aमहानगर (मा.वि.9/3)
250 _a0
260 _bमॅजेस्टिक बुक स्टॉल
_c1976
300 _a261
630 _aमहानगर (मा.वि.9/3)
730 _aमहानगर (मा.वि.9/3)
942 _cBOOK
999 _c434800
_d434797